| 000 | 00795nam a2200241 i 4500 | ||
|---|---|---|---|
| 001 | 101101 | ||
| 003 | ES-MaACL | ||
| 005 | 20240516063038.0 | ||
| 007 | t| | ||
| 008 | 051013s1908 fr a ||||1| fre d | ||
| 080 | _a821.133.1-31"18" | ||
| 100 | 1 |
_aMaupassant, Guy de, _d1850-1893 _979214 |
|
| 245 | 1 | 4 |
_aUne vie / _cGuy de Maupassant ; illustrations de A. Leroux ; gravure sur bois G. Lemoine. |
| 260 |
_aParis : _bSocieté d'Editions Litteraires et Artistiques, _c1908. |
||
| 300 |
_a335 p. : _bil. ; _c18 cm. |
||
| 490 | 1 | _aOeuvres complètes illustrées | |
| 700 | 1 |
_aLeroux, A. _971814 |
|
| 700 | 1 |
_aLemoine, G. _971483 |
|
| 830 | 0 |
_aOeuvres complètes illustrées _9184588 |
|
| 852 |
_aES-MaACL _jG-14652 |
||
| 852 |
_aES-MaACL _jG-9038 |
||
| 999 |
_c101101 _d101101 |
||